000
00326nam a22001457a 4500
008
230123b ||||| |||| 00| 0 eng d
020
_a
9780205011230
041
_a
eng
080
_2
1 EDITION
_a
159.9
082
_a
159.9 LIN
100
_a
25
101
_a
PSI
245
_a
CLINICAL PSYCHOLOGY
_c
LINDEN W
942
_2
udc
_c
BK
999
_c
59237
_d
59237